Statistiques concernant Vocabulaire anglais S4

Cliquez ici pour prendre le quiz!

Statistiques générales

  • Ce quiz a été pris 17 fois
  • Le résultat moyen est 3 sur 26

Statistiques - réponses

HintRéponse% Correct
TVAvat
50%
emploi du tempsschedule
40%
exporterto export
40%
importerto import
40%
clause de pénalitépenalty clause
20%
l'ordre du jouragenda
10%
rendez-vous, nominationappointment
10%
cadre légallegal framework
10%
compte-renduminutes
10%
prolonger une garantieto extend a warranty
10%
gérerto manage
10%
tumulteuproar
10%
largementwidely
10%
ligne de productionassembly line
0%
pot de vin, corruptionbribery
0%
Directeur Administratif et Financier (DAF)chief financial officer
0%
Directeur Techniquechief technical officer
0%
créanciercreditor
0%
les dépensesexpenditures
0%
on y valet's go down to business
0%
consentement tacitetacit consent
0%
rédiger l'ordre du jourto draw the agenda
0%
émettre une factureto issue an invoice
0%
superviserto oversee
0%
intenter un procèsto start an action
0%
subir une perteto suffer a loss
0%

Distribution des résultats

Percentile par nombre de réponses

% des personnes avec chaque résultat

Votre développement - résultats

Vous n’avez pas pris ce quiz